| 000 | 00881nam a2200313 a 4500 | ||
|---|---|---|---|
| 999 |
_c2150 _d2150 |
||
| 001 | 014528318 | ||
| 003 | Uk | ||
| 005 | 20230313111909.0 | ||
| 008 | 080222s2007 enka 000 1 eng | ||
| 015 |
_aGBB1D0488 _2bnb |
||
| 016 | 7 |
_a014528318 _2Uk |
|
| 020 | _a9781906303129 | ||
| 040 |
_aUk _beng _cUk _dKH8 |
||
| 042 | _aukblsr | ||
| 082 | 0 | 4 |
_a428.6 MIL _223 |
| 100 | 1 |
_aMiles, Sara. _eauthor |
|
| 245 | 1 | 0 |
_aSophie goes to Singapore / _cwritten by Sara Miles ; [illustrations & design by CREACES]. |
| 260 |
_aLondon : _bPopular UK, _c2007. |
||
| 300 |
_a46 p. : _bcol. ill. ; _c18 cm. |
||
| 336 |
_atext _2rdacontent |
||
| 337 |
_aunmediated _2rdamedia |
||
| 338 |
_avolume _2rdacarrier |
||
| 490 | 0 | _aLet's visit. Pack 1 | |
| 490 | 0 | _aRobin | |
| 500 | _a"i-Pen readable." --Cover. | ||
| 650 | 0 | _aReaders (Elementary) | |
| 710 | 2 | _aCREACES (Firm) | |
| 942 |
_2ddc _cNFIC |
||